000 00255nam a2200109Ia 4500
008 190216s9999||||xx |||||||||||||| ||und||
100 _aChellappan Nair N P
245 0 _aReyil Cross
260 _bCurrent Books
650 _aMalayalam Nadakam
942 _cBK
999 _c24645
_d24645